00852nam a2200169 a 450000100100000000500170001000800410002704000250006808200150009310000410010824500740014926000690022330000280029250001620032095201830048299900170066500003302520200930065959.0110808s1918 dr a 000 0 spa d aDO-SdBNPbspacBNPHU axxxbG641e1 aGontran Marion-Landais, J. F.95873113aLa exploración de la permeabilidad renal en las nefritis crónica. aSanto Domingo, :bUniversidad Central de Santo Domingo,c[1918]. a121 p. :bil. ;c22 cm. aOriginalmente presentado como tesis para optar por la licenciatura en la facultad de medicina y ciencias naturales de la universidad Central de Santo Domingo 001050718RVaPDbPDcCTd2011-08-08iLF1l0oxxx G641ep33025-10r2020-06-25w2020-06-25y1zPerteneció a la biblioteca personal de Carlos Larrazábal Blanco.ZNo se presta c32516d32516